Municipios de Tenerife en una mapa - Estadísticas

Estadísticas generales
  • Esta prueba ha sido intentada 1.329 veces
  • La puntuación promedio es 21 de 31
Respuestas en el mapa
Las respuestas están codificadas por una escala verde-roja en el mapa de la prueba según el % correcto abajo.
 
Estadísticas de respuestas
Municipio Población % Correcto
Santa Cruz de Tenerife 209 395
97%
San Cristóbal de La Laguna 159 034
95%
Adeje 50 167
88%
La Orotava 42 454
88%
Puerto de la Cruz 30 849
85%
Candelaria 28 694
81%
Arona 85 249
80%
Güímar 21 536
79%
Icod de los Vinos 23 971
77%
Tegueste 11 344
75%
Tacoronte 24 652
73%
Santiago del Teide 11 972
72%
Garachico 4 936
70%
Los Realejos 37 207
68%
La Matanza de Acentejo 9 092
67%
Granadilla de Abona 59 942
64%
Buenavista del Norte 4 710
63%
El Sauzal 9 145
62%
El Tanque 2 784
62%
La Victoria de Acentejo 9 228
62%
Santa Úrsula 15 285
62%
Guía de Isora 22 301
61%
Arico 9 020
59%
El Rosario 17 866
58%
Arafo 5 712
57%
Fasnia 2 984
57%
Los Silos 4 679
57%
San Miguel de Abona 22 606
55%
La Guancha 5 562
52%
San Juan de la Rambla 4 908
52%
Vilaflor de Chasna 1 823
36%
No se encontraron pruebas coincidentes
Distribución de puntuación
Porcentaje de gente con cada puntuación
Porcentaje por número respondido
Historial de tus puntuaciones
No has intentado esta prueba.